O impacto da lei de liberdade econômica no direito brasileiro / (Registro nro. 173311)

Detalles MARC
000 -LEADER
fixed length control field 01488cam a22003615i 4500
001 - CONTROL NUMBER
control field 22566351
006 - FIXED-LENGTH DATA ELEMENTS--ADDITIONAL MATERIAL CHARACTERISTICS--GENERAL INFORMATION
fixed length control field m o d
007 - PHYSICAL DESCRIPTION FIXED FIELD--GENERAL INFORMATION
fixed length control field cr un ---uuuua
008 - FIXED-LENGTH DATA ELEMENTS--GENERAL INFORMATION
fixed length control field 220526s2021 bl ob 000 0 por d
010 ## - LIBRARY OF CONGRESS CONTROL NUMBER
LC control number 2022330237
020 ## - INTERNATIONAL STANDARD BOOK NUMBER
International Standard Book Number 9786500235760
035 ## -
-- 40868
040 ## - CATALOGING SOURCE
Original cataloging agency UtOrBLW
Language of cataloging eng
Description conventions rda
Transcribing agency UtOrBLW
042 ## -
-- lcode
043 ## -
-- s-bl---
050 #4 -
-- HB73
-- .O36 2021
082 04 -
-- 338.9
-- 23
245 02 - TITLE STATEMENT
Title O impacto da lei de liberdade econômica no direito brasileiro /
Statement of responsibility, etc coordenadoras, Simone Letícia Severo e Sousa Dabés Leão, Michelle Lucas Cardoso Balbino ; apresentaĉão, João Marcelo de Lima Assafim ; prefácio, João Bosco Leopoldino da Fonseca ; autores, Carla Aliny Peres Dias [and seventeen others].
264 #1 -
-- Belo Horizonte :
-- Del Rey Editora,
-- 2021.
300 ## - PHYSICAL DESCRIPTION
Extent 1 online resource (xxii, 234 pages)
336 ## -
-- text
-- txt
-- rdacontent
337 ## -
-- computer
-- c
-- rdamedia
338 ## -
-- online resource
-- cr
-- rdacarrier
504 ## - BIBLIOGRAPHY, ETC. NOTE
Bibliography, etc Includes bibliographical references.
650 #0 - SUBJECT ADDED ENTRY--TOPICAL TERM
Topical term or geographic name as entry element Law and economics.
650 #0 - SUBJECT ADDED ENTRY--TOPICAL TERM
Topical term or geographic name as entry element Economics
General subdivision Political aspects
Geographic subdivision Brazil.
700 1# - ADDED ENTRY--PERSONAL NAME
Personal name Sousa, Simone Leticia Severo e,
Relator term editor,
-- author.
700 1# - ADDED ENTRY--PERSONAL NAME
Personal name Balbino, Michelle Lucas Cardoso,
Relator term editor,
-- author.
700 12 - ADDED ENTRY--PERSONAL NAME
-- Container of (work):
Personal name Dias, Carla Aliny Peres.
Title of a work Impactos da Lei de Liberdade Econômica na previdência complementar.
856 40 - LOCALIZACIÓN Y ACCESO ELECTRÓNICO
Identificador Uniforme del Recurso (URI/URL) https://app.vlex.com/#/sources/40868
942 ## -
-- RAA
999 ## -
-- 173311
-- 173311

No hay ítems disponibles.


CONTACTO


NOSOTROS


SITIOS DE INTERES

coordinacion.biblioteca.biblioteca@unienlinea.mx Misión, Visión y Objetivos Bases de datos
Directorio Bibliotecas Digitales y Repositorios
Normatividad Revistas y artículos
Convenios interbibliotecarios
Boletines



Hecho en México. Universidad Insurgentes (UIN). Todos los derechos reservados 2024. Esta página y sus contenidos pueden ser reproducidos con fines no lucrativos, siempre y cuando no se mutile, se cite la fuente completa y su dirección electrónicas. De otra forma requiere permiso previo por escrito de la institución




2024 Copyright Universidad Insurgentes | www.bibliouin.com.mx